[Event "Santos Paulista Absoluto"]
[Site "Santos"]
[Date "2010.08.22"]
[Round "6"]
[White "Tine, Vinicius"]
[Black "Quintiliano Pinto, Renato Rodrigues"]
[Result "1/2-1/2"]
[WhiteElo "2315"]
[BlackElo "2183"]
[PlyCount "59"]
[EventDate "2010.08.19"]
[EventType "swiss"]
[EventRounds "7"]
[EventCountry "BRA"]
[SourceTitle "CBM 138 Extra"]
[Source "ChessBase"]
[SourceDate "2010.10.29"]
[SourceVersion "1"]
[SourceVersionDate "2010.10.29"]
[SourceQuality "1"]

1. Nf3 Nf6 2. c4 c6 3. d4 d5 4. Nc3 e6 5. Bg5 dxc4 6. e4 b5 7. e5 h6 8. Bh4 g5 9. Nxg5 hxg5 10. Bxg5 Nbd7 11. g3 Qb6 12. exf6 Bb7 13. Bg2 c5 14. d5 0-0-0 15. 0-0 b4 16. Rb1 Qa6 17. dxe6 Bxg2 18. e7 Ba8 19. exd8Q+ Kxd8 20. Na4 Bd6 21. f3 Kc7 22. Bf4 Ne5 23. Kg2 Nd3 24. Bxd6+ Qxd6 25. Qe2 Bc6 26. b3 Re8 27. Qc2 cxb3 28. axb3 Re3 29. Nb2 Qe6 30. Kg1 1/2-1/2

[Event "Santos Paulista Absoluto"]
[Site "Santos"]
[Date "2010.08.20"]
[Round "5"]
[White "Mareco, Sandro"]
[Black "Tine, Vinicius"]
[Result "1-0"]
[WhiteElo "2527"]
[BlackElo "2315"]
[PlyCount "43"]
[EventDate "2010.08.19"]
[EventType "swiss"]
[EventRounds "7"]
[EventCountry "BRA"]
[SourceTitle "CBM 138 Extra"]
[Source "ChessBase"]
[SourceDate "2010.10.29"]
[SourceVersion "1"]
[SourceVersionDate "2010.10.29"]
[SourceQuality "1"]

1. d4 d5 2. c4 c6 3. Nf3 Nf6 4. Nc3 a6 5. Bg5 Nbd7 6. e3 e6 7. cxd5 cxd5 8. Bd3 Be7 9. 0-0 0-0 10. Qe2 b5 11. a4 b4 12. Nb1 Ne4 13. Bxe7 Qxe7 14. Rc1 e5 15. Nbd2 Nxd2 16. Nxd2 e4 17. Bc2 a5 18. Bb3 Ba6 19. Qh5 Bb7 20. Rc7 Rab8 21. Qf5 Rfd8 22. Bxd5 1-0

[Event "Recife TR Nordeste op"]
[Site "Recife"]
[Date "2009.06.??"]
[Round "5"]
[White "Gomez, Gustavo Pizzocaro"]
[Black "Tine, Vinicius"]
[Result "1/2-1/2"]
[WhiteElo "2173"]
[BlackElo "2277"]
[PlyCount "72"]
[EventDate "2009.06.??"]
[EventType "swiss"]
[EventRounds "7"]
[EventCountry "BRA"]
[SourceTitle "EXT 2011"]
[Source "ChessBase"]
[SourceDate "2010.11.26"]
[SourceVersion "1"]
[SourceVersionDate "2010.11.26"]
[SourceQuality "1"]

1. d4 d5 2. Nf3 Nf6 3. c4 c6 4. e3 a6 5. b3 b5 6. Bd3 Bg4 7. Nbd2 Nbd7 8. Bb2 e6 9. 0-0 Bd6 10. Qc2 Qb8 11. h3 Bh5 12. Rfe1 0-0 13. Rac1 Re8 14. c5 Bc7 15. e4 dxe4 16. Bxe4 Nxe4 17. Qxe4 Nf6 18. Qh4 Bf4 19. Ne4 Nxe4 20. Qxh5 Bxc1 21. Bxc1 f5 22. Rxe4 fxe4 23. Ng5 h6 24. Nxe4 Rf8 25. Bxh6 Qe8 26. Qg4 Qf7 27. Qg3 Ra7 28. Nd6 Qf6 29. Be3 a5 30. a3 Rd7 31. Kh2 Rfd8 32. Kg1 Rxd6 33. cxd6 Rd7 34. Qe5 Qf5 35. Kh2 Kf7 36. g4 Qg6 1/2-1/2

[Event "Recife TR Nordeste op"]
[Site "Recife"]
[Date "2009.06.??"]
[Round "7"]
[White "Perdomo, Leandro Daniel"]
[Black "Tine, Vinicius"]
[Result "1/2-1/2"]
[WhiteElo "2387"]
[BlackElo "2277"]
[PlyCount "23"]
[EventDate "2009.06.??"]
[EventType "swiss"]
[EventRounds "7"]
[EventCountry "BRA"]
[SourceTitle "EXT 2011"]
[Source "ChessBase"]
[SourceDate "2010.11.26"]
[SourceVersion "1"]
[SourceVersionDate "2010.11.26"]
[SourceQuality "1"]

1. d4 d5 2. c4 c6 3. Nf3 Nf6 4. e3 a6 5. Qc2 g6 6. Bd3 Bg7 7. 0-0 0-0 8. Nbd2 Nbd7 9. h3 c5 10. b3 b6 11. Bb2 Bb7 12. Rfe1 1/2-1/2

[Event "Recife TR Nordeste op"]
[Site "Recife"]
[Date "2009.06.??"]
[Round "4"]
[White "Tine, Vinicius"]
[Black "Silva Filho, Silvio Pereira"]
[Result "1-0"]
[WhiteElo "2277"]
[BlackElo "2050"]
[PlyCount "69"]
[EventDate "2009.06.??"]
[EventType "swiss"]
[EventRounds "7"]
[EventCountry "BRA"]
[SourceTitle "EXT 2011"]
[Source "ChessBase"]
[SourceDate "2010.11.26"]
[SourceVersion "1"]
[SourceVersionDate "2010.11.26"]
[SourceQuality "1"]

1. e4 g6 2. d4 c5 3. Nf3 d6 4. dxc5 Qa5+ 5. Nc3 Qxc5 6. Be3 Qa5 7. Bd4 Nf6 8. Bxf6 exf6 9. Bc4 Nc6 10. 0-0 a6 11. Qd2 Bg4 12. Qf4 Bxf3 13. Qxf3 Bg7 14. Rad1 Rd8 15. Bb3 Qe5 16. Rd5 Qe7 17. Rfd1 0-0 18. Qf4 Ne5 19. Qd2 Nc6 20. Rxd6 Bh6 21. Qd5 Bf4 22. Rd7 Qb4 23. Rxd8 Nxd8 24. Qc4 Qa5 25. Nd5 Be5 26. c3 Ne6 27. g3 g5 28. Qe2 Qc5 29. Ne3 Ng7 30. Rd7 Qc6 31. Qd3 Ne6 32. Nf5 Qb6 33. Qd5 Nd8 34. Nh6+ Kh8 35. Rxd8 1-0

[Event "Cidade do Salvador op"]
[Site "Cidade do Salvador"]
[Date "2009.04.11"]
[Round "4"]
[White "Duarte Guimaraes, Diogo"]
[Black "Tine, Vinicius"]
[Result "1-0"]
[WhiteElo "2227"]
[BlackElo "2292"]
[PlyCount "73"]
[EventDate "2009.04.09"]
[EventType "swiss"]
[EventRounds "7"]
[EventCountry "BRA"]
[SourceTitle "EXT 2012"]
[Source "ChessBase"]
[SourceDate "2011.11.24"]
[SourceVersion "1"]
[SourceVersionDate "2011.11.24"]
[SourceQuality "1"]

1. e4 c5 2. Nf3 Nc6 3. d4 cxd4 4. Nxd4 g6 5. Nc3 Bg7 6. Be3 Nf6 7. Bc4 d6 8. h3 0-0 9. Bb3 Bd7 10. 0-0 Qa5 11. f4 Rac8 12. Nxc6 Bxc6 13. Bd4 e5 14. fxe5 dxe5 15. Be3 Nxe4 16. Nxe4 Bxe4 17. Rxf7 Rxf7 18. Bxf7+ Kh8 19. Bb3 Qb5 20. Qf1 Qc6 21. Bxa7 b6 22. Qf2 Rf8 23. Qxb6 Qa8 24. Rf1 Rxf1+ 25. Kxf1 Bxg2+ 26. Kg1 Bb7 27. Kh2 Qc8 28. Qe6 Qd8 29. Be3 Qb8 30. c3 Bf3 31. Bc5 Qd8 32. Bd6 Be4 33. Ba4 Bb1 34. Bb3 Be4 35. Qxe5 Bf5 36. Qe7 Qc8 37. Be5 1-0

[Event "Recife-ch"]
[Site "Recife"]
[Date "2009.04.03"]
[Round "13"]
[White "Henrique, Carlos"]
[Black "Tine, Vinicius"]
[Result "1/2-1/2"]
[WhiteElo "2097"]
[BlackElo "2277"]
[PlyCount "97"]
[EventDate "2009.03.27"]
[EventType "tourn"]
[EventRounds "13"]
[EventCountry "BRA"]
[SourceTitle "EXT 2012"]
[Source "ChessBase"]
[SourceDate "2011.11.24"]
[SourceVersion "1"]
[SourceVersionDate "2011.11.24"]
[SourceQuality "1"]

1. e4 c5 2. Nf3 d6 3. Bb5+ Bd7 4. Bxd7+ Qxd7 5. 0-0 Nc6 6. b3 e5 7. c3 Nf6 8. Re1 g6 9. d4 Bg7 10. dxe5 dxe5 11. Qxd7+ Nxd7 12. Na3 0-0 13. Nc4 Rfd8 14. a4 b6 15. Bg5 f6 16. Be3 Bf8 17. Rad1 Rab8 18. Rd5 Be7 19. Red1 Nf8 20. Kf1 Kf7 21. Ke2 Ne6 22. g3 Rbc8 23. g4 g5 24. Rxd8 Rxd8 25. Rxd8 Nexd8 26. Nfd2 Nb7 27. Nf1 Ke6 28. Kd3 Nca5 29. Nxa5 Nxa5 30. Kc2 Kd7 31. Bd2 Nb7 32. Ne3 Kc6 33. Nd5 Bd8 34. f3 Nd6 35. Kd3 Kd7 36. Be1 Kc6 37. h4 h6 38. h5 Kb7 39. Bd2 Ka6 40. Ne3 Kb7 41. Nf5 c4+ 42. bxc4 Nxf5 43. gxf5 Kc6 44. Kc2 Be7 45. Kb3 Bc5 46. a5 bxa5 47. Bc1 Kb6 48. Ka4 Ka6 49. Bb2 1/2-1/2

[Event "Recife-ch"]
[Site "Recife"]
[Date "2009.04.02"]
[Round "11"]
[White "Chang, Suzana"]
[Black "Tine, Vinicius"]
[Result "0-1"]
[WhiteElo "2060"]
[BlackElo "2277"]
[PlyCount "82"]
[EventDate "2009.03.27"]
[EventType "tourn"]
[EventRounds "13"]
[EventCountry "BRA"]
[SourceTitle "EXT 2012"]
[Source "ChessBase"]
[SourceDate "2011.11.24"]
[SourceVersion "1"]
[SourceVersionDate "2011.11.24"]
[SourceQuality "1"]

1. d4 d5 2. c4 c6 3. e3 Nf6 4. Qc2 g6 5. Nf3 Bg7 6. b4 0-0 7. Bb2 Nbd7 8. Nbd2 Re8 9. Bd3 a5 10. a3 axb4 11. axb4 Rxa1+ 12. Bxa1 dxc4 13. Nxc4 Nd5 14. Qd2 Qc7 15. 0-0 Bf8 16. Rb1 b6 17. Nce5 Bb7 18. e4 N5f6 19. Nxf7 Kxf7 20. e5 Nd5 21. Ng5+ Kg8 22. Nxh7 e6 23. Bxg6 Re7 24. Ng5 Bh6 25. h4 Nf8 26. Be4 Rg7 27. f4 Qe7 28. Bc3 Qd8 29. Bd3 Qe8 30. Be2 Ng6 31. g3 Nge7 32. Bg4 Nf5 33. Kh2 Bxg5 34. fxg5 Nfe3 35. Bf3 Qg6 36. Re1 Nc4 37. Qe2 b5 38. Bb2 Nxb4 39. Be4 Qe8 40. Bc1 Nd5 41. g6 Nc3 0-1

[Event "Recife-ch"]
[Site "Recife"]
[Date "2009.04.01"]
[Round "9"]
[White "Brito, Luismar Jorge"]
[Black "Tine, Vinicius"]
[Result "1-0"]
[WhiteElo "2327"]
[BlackElo "2277"]
[PlyCount "56"]
[EventDate "2009.03.27"]
[EventType "tourn"]
[EventRounds "13"]
[EventCountry "BRA"]
[SourceTitle "EXT 2012"]
[Source "ChessBase"]
[SourceDate "2011.11.24"]
[SourceVersion "1"]
[SourceVersionDate "2011.11.24"]
[SourceQuality "1"]

1. e4 c5 2. Nf3 Nc6 3. Bb5 g6 4. 0-0 Bg7 5. c3 Nf6 6. Re1 0-0 7. d3 Qc7 8. a4 d6 9. h3 a6 10. Bc4 Na5 11. Na3 Qc6 12. Bg5 Nxc4 13. Nxc4 b5 14. axb5 axb5 15. Rxa8 Qxa8 16. Nb6 Qa2 17. Qa1 Qe6 18. Qa7 h6 19. Bxf6 exf6 20. Qc7 Re8 21. Ra1 Bf8 22. Ra8 Bd7 23. Ra7 Bc8 24. Nd5 f5 25. Qc6 Rd8 26. Rc7 Kg7 27. Nb6 Ba6 28. e5 d5 1-0

[Event "Recife"]
[Site "Recife"]
[Date "2008.01.24"]
[Round "2"]
[White "Tine, Vinicius"]
[Black "Santiago, Yago de Moura"]
[Result "1-0"]
[WhiteElo "2196"]
[BlackElo "2188"]
[PlyCount "67"]
[EventDate "2008.01.23"]
[EventType "match"]
[EventRounds "7"]
[EventCountry "BRA"]
[SourceTitle "EXT 2010"]
[Source "ChessBase"]
[SourceDate "2010.11.25"]
[SourceVersion "1"]
[SourceVersionDate "2010.11.25"]
[SourceQuality "1"]

1. e4 c5 2. Nf3 d6 3. d4 cxd4 4. Nxd4 Nf6 5. Nc3 a6 6. Be3 Ng4 7. Bg5 h6 8. Bh4 g5 9. Bg3 Bg7 10. h3 Ne5 11. f3 Nbc6 12. Bf2 Be6 13. Qd2 Rc8 14. h4 g4 15. Nxe6 fxe6 16. f4 Nf7 17. Bc4 g3 18. Be3 Nb4 19. Bxe6 Rxc3 20. bxc3 Qc7 21. e5 Nc6 22. 0-0 Ncd8 23. Bb3 dxe5 24. f5 Bf6 25. a4 Bxh4 26. a5 Bf6 27. Bb6 Qc8 28. Rad1 Nd6 29. c4 Nc6 30. c5 Nb5 31. Qd5 Rf8 32. Qf3 e6 33. Bxe6 Qb8 34. Qh5+ 1-0